| 000 | 00670nam a22002057a 4500 | ||
|---|---|---|---|
| 999 |
_c7521 _d7521 |
||
| 003 | AR-CdUCM | ||
| 008 | 190320b ||||| |||| 00| 0 spa d | ||
| 040 |
_aMUNICIPALIDAD PROVINCIAL DEL CUSCO _cBIBLIOTECA MUNICIPAL DEL CUSCO |
||
| 082 |
_a129.61 / _bF39 |
||
| 100 |
_aFerrater Mora, Jose _916378 |
||
| 245 |
_aOrtega y Gasset : _bEtapas de una filosofia / |
||
| 260 |
_aEspaƱa : _bSeix Barral, _c1973. |
||
| 300 |
_a164 paginas ; _c19m cm. |
||
| 505 | _aContenido : Introduccion -- Obetivismo -- Perspectivismo -- Raciovitalismo ... | ||
| 650 |
_aLiteratura _983 |
||
| 650 |
_aFilosofia _9395 |
||
| 650 |
_aRcionalismo _921234 |
||
| 942 |
_2ddc _cLIBROS |
||
| 945 | _arah | ||